Can You Name Every Coaster to Ever Exist at Kings Dominion? - Statistics

General Stats
  • This quiz has been taken 25 times
  • The average score is 14 of 19
Answer Stats
Hint Answer % Correct
2018 Twisted Timbers
92%
1994 Hurler
83%
2010 Intimidator 305
83%
2022 Tumbili
83%
1991 Anaconda
79%
2008 Dominator
79%
1975 Racer 75
79%
1998 Volcano: The Blast Coaster
79%
2002 Apple Zapple
75%
1996 Flight of Fear
75%
2001 Hypersonic XLC
75%
1974 Woodstock Express
75%
2006 Backlot Stunt Coaster
71%
1982 Grizzly
71%
1986 Shockwave
71%
1997 Great Pumpkin Coaster
63%
1988 Reptilian
54%
1977 King Kobra
46%
1975 Galaxi
42%
No matching quizzes found
Score Distribution
Percent of People with Each Score
Percentile by Number Answered
Your Score History
You have not taken this quiz